[Event "Gibtelecom Masters 2nd"]
[Site "Gibraltar"]
[Date "2004.01.28"]
[Round "2.33"]
[White "Vasilevich, Tatjana"]
[Black "Vea, Odin Blikra"]
[Result "1-0"]
[WhiteElo "2393"]
[BlackElo "2053"]
[PlyCount "77"]
[EventDate "2004.01.27"]
[EventType "swiss"]
[EventRounds "10"]
[EventCountry "GGB"]
[SourceTitle "BritBase"]
[Source "www.saund.co.uk"]
[SourceDate "2018.02.10"]
[SourceVersion "1"]
[SourceVersionDate "2018.02.10"]
[SourceQuality "1"]

1. d4 f5 2. Nf3 Nf6 3. g3 g6 4. Bg2 Bg7 5. O-O d6 6. c4 O-O 7. Nc3 Nc6 8. d5
Ne5 9. Nxe5 dxe5 10. Qb3 h6 11. Bd2 g5 12. Rad1 f4 13. c5 Kh8 14. Bc1 Qe8 15.
Nb5 Qh5 16. Nxc7 Bg4 17. f3 Bh3 18. Rf2 fxg3 19. hxg3 Ne4 20. Nxa8 Nxf2 21.
Kxf2 e4 22. Qe3 g4 23. f4 Bxg2 24. Kxg2 Qh3+ 25. Kg1 Rxa8 26. Qf2 Rd8 27. Qg2
Qxg2+ 28. Kxg2 Kg8 29. Kf2 e6 30. d6 e5 31. Ke3 Kf7 32. Kxe4 exf4 33. Bxf4 Bxb2
34. Rb1 Re8+ 35. Kd3 Ba3 36. Rxb7+ Ke6 37. d7 Rd8 38. c6 Bc5 39. Bc7 1-0

[Event "Gibtelecom Masters 2nd"]
[Site "Gibraltar"]
[Date "2004.01.28"]
[Round "2.34"]
[White "Speck, Nick"]
[Black "Agdestein, Emil"]
[Result "1-0"]
[WhiteElo "2381"]
[BlackElo "1999"]
[PlyCount "79"]
[EventDate "2004.01.27"]
[EventType "swiss"]
[EventRounds "10"]
[EventCountry "GGB"]
[SourceTitle "BritBase"]
[Source "www.saund.co.uk"]
[SourceDate "2018.02.10"]
[SourceVersion "1"]
[SourceVersionDate "2018.02.10"]
[SourceQuality "1"]

1. d4 d5 2. c4 e5 3. dxe5 d4 4. Nf3 Nc6 5. Nbd2 Bf5 6. Nb3 Qd7 7. Nbxd4 Bb4+ 8.
Bd2 Nge7 9. Bxb4 Nxb4 10. a3 Nbc6 11. e3 Rd8 12. Be2 Ng6 13. O-O Ngxe5 14. Nxe5
Nxe5 15. Nxf5 Qxf5 16. Qa4+ Nc6 17. Bf3 Rd6 18. Rad1 Rg6 19. Bxc6+ bxc6 20. Rd4
O-O 21. Rfd1 h5 22. Kf1 Re8 23. Qb3 Ree6 24. Qd3 Qg5 25. g3 Qf6 26. Ke2 c5 27.
Rd8+ Kh7 28. Rd5 Kh6 29. Qf5 Qxf5 30. Rxf5 Rb6 31. Rd2 Rgd6 32. Rc2 Kg6 33.
Rxc5 c6 34. b4 Rb7 35. Rd2 Rf6 36. f4 h4 37. g4 Re7 38. Rg5+ Kh7 39. Rh5+ Rh6
40. Rxh6+ 1-0

[Event "Gibtelecom Masters 2nd"]
[Site "Gibraltar"]
[Date "2004.01.28"]
[Round "2.36"]
[White "Mannion, Stephen R"]
[Black "Bryn, Askild"]
[Result "1/2-1/2"]
[WhiteElo "2352"]
[BlackElo "1977"]
[PlyCount "90"]
[EventDate "2004.01.27"]
[EventType "swiss"]
[EventRounds "10"]
[EventCountry "GGB"]
[SourceTitle "BritBase"]
[Source "www.saund.co.uk"]
[SourceDate "2018.02.10"]
[SourceVersion "1"]
[SourceVersionDate "2018.02.10"]
[SourceQuality "1"]

1. e4 c5 2. Nf3 g6 3. d4 cxd4 4. Qxd4 Nf6 5. Bb5 Nc6 6. Bxc6 dxc6 7. Qxd8+ Kxd8
8. Nc3 Bg7 9. Bf4 Nd7 10. O-O-O Bxc3 11. bxc3 f6 12. e5 Ke8 13. Rhe1 fxe5 14.
Nxe5 Nxe5 15. Bxe5 Rf8 16. Bd6 Rf7 17. Rd4 e6 18. f4 b6 19. g4 c5 20. Rd2 c4
21. h4 Kd7 22. Be5+ Kc6 23. Rd6+ Kb5 24. Red1 Bb7 25. Rxe6 Bf3 26. Rg1 h5 27.
gxh5 Bxh5 28. Bf6 Rc8 29. Rg5+ Rc5 30. Kd2 Rxg5 31. hxg5 Bg4 32. Re5+ Kc6 33.
Re4 Rd7+ 34. Ke3 b5 35. Bd4 Bf5 36. Re5 Rd5 37. Re8 Rd7 38. Rc8+ Rc7 39. Rf8
Bxc2 40. Be5 Rd7 41. Rf6+ Kb7 42. Bd6 Kc6 43. Bb4+ Kb7 44. Re6 Bf5 45. Re5 Kc6
1/2-1/2

[Event "Gibtelecom Masters 2nd"]
[Site "Gibraltar"]
[Date "2004.01.29"]
[Round "3.1"]
[White "Ganguly, Surya Shekhar"]
[Black "Sandipan, Chanda"]
[Result "1/2-1/2"]
[WhiteElo "2541"]
[BlackElo "2524"]
[PlyCount "94"]
[EventDate "2004.01.27"]
[EventType "swiss"]
[EventRounds "10"]
[EventCountry "GGB"]
[SourceTitle "BritBase"]
[Source "www.saund.co.uk"]
[SourceDate "2018.02.10"]
[SourceVersion "1"]
[SourceVersionDate "2018.02.10"]
[SourceQuality "1"]

1. e4 e5 2. Nf3 d6 3. d4 exd4 4. Nxd4 Nf6 5. Nc3 Be7 6. Nde2 O-O 7. g3 Re8 8.
Bg2 Nbd7 9. O-O Bf8 10. Re1 Nc5 11. Nd4 Bd7 12. h3 Na4 13. Nxa4 Bxa4 14. Bf4 c5
15. Nf5 Bc6 16. Qd3 Re6 17. Re2 d5 18. e5 Nh5 19. Bd2 Qd7 20. c4 dxc4 21. Qxd7
Bxd7 22. Bxb7 Rb8 23. Bf3 g6 24. Bxh5 gxh5 25. Bc3 Ra6 26. Nd6 Bxd6 27. exd6
Rxd6 28. Rae1 Re6 29. Rxe6 Bxe6 30. Re5 Bxh3 31. Rxh5 Be6 32. Rxc5 Rd8 33. f4
f5 34. Kf2 Kf7 35. Ra5 Rd7 36. Ra6 Ke7 37. a3 Kf7 38. Bb4 Bd5 39. Bc5 Be4 40.
Rxa7 Rxa7 41. Bxa7 c3 42. bxc3 h5 43. Ke3 Ke6 44. Kd4 Bg2 45. Kc5 Bf3 46. Bb8
Kd7 47. a4 Bg2 1/2-1/2

[Event "Gibtelecom Masters 2nd"]
[Site "Gibraltar"]
[Date "2004.01.29"]
[Round "3.4"]
[White "Inarkiev, Ernesto"]
[Black "Vuckovic, Bojan"]
[Result "1-0"]
[WhiteElo "2606"]
[BlackElo "2511"]
[PlyCount "117"]
[EventDate "2004.01.27"]
[EventType "swiss"]
[EventRounds "10"]
[EventCountry "GGB"]
[SourceTitle "BritBase"]
[Source "www.saund.co.uk"]
[SourceDate "2018.02.10"]
[SourceVersion "1"]
[SourceVersionDate "2018.02.10"]
[SourceQuality "1"]

1. e4 c5 2. Nf3 d6 3. d4 cxd4 4. Nxd4 Nf6 5. Nc3 Nc6 6. Bg5 e6 7. Qd2 a6 8.
O-O-O Bd7 9. f3 h6 10. Be3 b5 11. Nxc6 Bxc6 12. Ne2 Qc7 13. Kb1 Bb7 14. h4 Nd7
15. Nd4 d5 16. exd5 Bxd5 17. Bf4 Qb6 18. Nf5 Nf6 19. Be5 O-O-O 20. Qc3+ Kb7 21.
Bxf6 gxf6 22. Ne3 Bc6 23. Rxd8 Qxd8 24. Bd3 Bd6 25. Rd1 Be5 26. Qe1 Qc7 27. Ng4
Bg3 28. Qc3 Be5 29. Nxe5 Qxe5 30. Qb4 Rd8 31. a4 Qd4 32. c4 Qxh4 33. Qb3 Qd4
34. Be2 Qb6 35. Rxd8 Qxd8 36. cxb5 axb5 37. Bxb5 Bd5 38. Bc4+ Ka7 39. Qd3 Qd6
40. Qd4+ Kb7 41. Bxd5+ exd5 42. Kc2 Qe5 43. Kd3 Qh5 44. Kc3 Qe5 45. b4 Qe1+ 46.
Kc2 Qe2+ 47. Kb3 Qe5 48. Qc5 Qe6 49. Qb5+ Ka7 50. a5 d4+ 51. Qc4 Kb8 52. b5
Qe3+ 53. Ka4 Qg1 54. b6 Qa1+ 55. Kb5 Qb2+ 56. Kc5 Qc3 57. a6 Qa3+ 58. Kc6 d3
59. Qf4+ 1-0

[Event "Gibtelecom Masters 2nd"]
[Site "Gibraltar"]
[Date "2004.01.29"]
[Round "3.5"]
[White "Sulskis, Sarunas"]
[Black "Chandler, Murray"]
[Result "1/2-1/2"]
[WhiteElo "2582"]
[BlackElo "2508"]
[PlyCount "101"]
[EventDate "2004.01.27"]
[EventType "swiss"]
[EventRounds "10"]
[EventCountry "GGB"]
[SourceTitle "BritBase"]
[Source "www.saund.co.uk"]
[SourceDate "2018.02.10"]
[SourceVersion "1"]
[SourceVersionDate "2018.02.10"]
[SourceQuality "1"]

1. e4 c6 2. c4 d5 3. exd5 cxd5 4. Nf3 Nf6 5. d4 g6 6. Nc3 Bg7 7. c5 O-O 8. h3
b6 9. cxb6 Qxb6 10. Na4 Qd6 11. Be2 Ne4 12. O-O Ba6 13. b3 Nd7 14. Bb2 Rfc8 15.
Nd2 Ndf6 16. Re1 Nxd2 17. Qxd2 Ne4 18. Qd1 Bxe2 19. Qxe2 Bf6 20. Rad1 Qb4 21.
Qd3 Rab8 22. g3 Rc6 23. Kg2 Rbc8 24. h4 h5 25. a3 Qb8 26. Rc1 Rxc1 27. Bxc1 Rc6
28. Be3 Qc8 29. Nc5 Nd6 30. Bf4 Nf5 31. Be5 Bxe5 32. Rxe5 e6 33. b4 Kg7 34. b5
Rc7 35. a4 Kg8 36. Rxf5 exf5 37. a5 Rxc5 38. dxc5 Qxc5 39. Qb3 f4 40. b6 fxg3
41. Qxg3 axb6 42. a6 Qe7 43. Qb8+ Kg7 44. a7 Qe4+ 45. Kh2 Qxh4+ 46. Kg1 Qg4+
47. Kh2 Qh4+ 48. Kg1 Qg4+ 49. Qg3 Qa4 50. Qe5+ Kh7 51. Qb8 1/2-1/2

[Event "Gibtelecom Masters 2nd"]
[Site "Gibraltar"]
[Date "2004.01.29"]
[Round "3.9"]
[White "Hebden, Mark"]
[Black "Davies, Nigel"]
[Result "1-0"]
[WhiteElo "2549"]
[BlackElo "2502"]
[PlyCount "81"]
[EventDate "2004.01.27"]
[EventType "swiss"]
[EventRounds "10"]
[EventCountry "GGB"]
[SourceTitle "BritBase"]
[Source "www.saund.co.uk"]
[SourceDate "2018.02.10"]
[SourceVersion "1"]
[SourceVersionDate "2018.02.10"]
[SourceQuality "1"]

1. d4 Nf6 2. Nf3 e6 3. c3 b6 4. Bg5 Bb7 5. Nbd2 Be7 6. e3 h6 7. Bh4 Ne4 8. Bxe7
Qxe7 9. Nxe4 Bxe4 10. Bd3 Bxd3 11. Qxd3 d6 12. O-O-O O-O 13. e4 Nd7 14. Kb1 c5
15. Rhe1 Rfd8 16. Nd2 cxd4 17. cxd4 Rac8 18. Nf1 Nf6 19. f3 Qd7 20. Ne3 Qa4 21.
g4 Nd7 22. h4 Nf8 23. g5 hxg5 24. hxg5 Ng6 25. Rh1 Qa5 26. d5 Nf4 27. Qf1 g6
28. Rh4 e5 29. Qh1 Kf8 30. Rxf4 exf4 31. Qh8+ Ke7 32. Qf6+ Ke8 33. Rh1 Rb8 34.
Nc4 Qc5 35. Rh8+ Kd7 36. Qxf7+ Kc8 37. Rh7 Qg1+ 38. Kc2 Qf2+ 39. Kb3 Qxf3+ 40.
Kb4 a5+ 41. Kb5 1-0

[Event "Gibtelecom Masters 2nd"]
[Site "Gibraltar"]
[Date "2004.01.29"]
[Round "3.10"]
[White "Al Sayed, Mohamad Naser"]
[Black "Motwani, Paul"]
[Result "0-1"]
[WhiteElo "2446"]
[BlackElo "2537"]
[PlyCount "62"]
[EventDate "2004.01.27"]
[EventType "swiss"]
[EventRounds "10"]
[EventCountry "GGB"]
[SourceTitle "BritBase"]
[Source "www.saund.co.uk"]
[SourceDate "2018.02.10"]
[SourceVersion "1"]
[SourceVersionDate "2018.02.10"]
[SourceQuality "1"]

1. e4 g6 2. d4 Bg7 3. Nc3 c6 4. Bc4 d6 5. Qf3 e6 6. Nge2 Nf6 7. Bf4 Qe7 8. O-O
Nbd7 9. a4 e5 10. Bg5 h6 11. Bh4 g5 12. Bg3 h5 13. dxe5 dxe5 14. h4 Bh6 15.
hxg5 Bxg5 16. Nd1 Nb6 17. Qd3 Bg4 18. a5 Nxc4 19. Qxc4 h4 20. f4 Be6 21. Qc3
Nxe4 22. Qxe5 Bf6 23. Qxe4 hxg3 24. Ne3 Bxb2 25. Nxg3 O-O-O 26. Rab1 Bd4 27. c3
Bc5 28. a6 b6 29. Qxc6+ Kb8 30. Qe4 Rhe8 31. Rbe1 Bg4 0-1

[Event "Gibtelecom Masters 2nd"]
[Site "Gibraltar"]
[Date "2004.01.29"]
[Round "3.12"]
[White "Ward, Chris"]
[Black "Seel, Christian"]
[Result "0-1"]
[WhiteElo "2522"]
[BlackElo "2380"]
[PlyCount "108"]
[EventDate "2004.01.27"]
[EventType "swiss"]
[EventRounds "10"]
[EventCountry "GGB"]
[SourceTitle "BritBase"]
[Source "www.saund.co.uk"]
[SourceDate "2018.02.10"]
[SourceVersion "1"]
[SourceVersionDate "2018.02.10"]
[SourceQuality "1"]

1. d4 Nf6 2. c4 g6 3. f3 Nc6 4. Nc3 d5 5. cxd5 Nxd5 6. e4 Nxc3 7. bxc3 Bg7 8.
Bd3 O-O 9. Ne2 e5 10. d5 Na5 11. Ba3 Re8 12. Bb4 b6 13. Bb5 Bd7 14. Bxd7 Qxd7
15. Bxa5 bxa5 16. O-O Rab8 17. Qc2 Bf8 18. Rfb1 Rb6 19. Nc1 c6 20. Qa4 Rd8 21.
c4 Bc5+ 22. Kf1 Bd4 23. Rxb6 axb6 24. Rb1 Qe7 25. Nb3 cxd5 26. cxd5 Be3 27. Re1
Bh6 28. Qb5 Qd6 29. Nc1 Bd2 30. Rd1 Be3 31. Ke2 Qa3 32. Nd3 Bd4 33. Qb3 Qe7 34.
g3 Qg5 35. Nf2 Rc8 36. Ng4 Rc3 37. h4 Qd8 38. Qa4 b5 39. Qxb5 h5 40. Nh2 Qc8
41. g4 Re3+ 42. Kf1 Qc2 43. Rxd4 exd4 44. Qe8+ Kg7 45. Qe5+ Kh7 46. Qe7 Qe2+
47. Kg1 Qe1+ 48. Kg2 Re2+ 49. Kh3 Rxh2+ 50. Kxh2 Qf2+ 51. Kh1 Qxf3+ 52. Kg1 d3
53. gxh5 d2 54. hxg6+ Kg7 0-1

[Event "Gibtelecom Masters 2nd"]
[Site "Gibraltar"]
[Date "2004.01.29"]
[Round "3.15"]
[White "Muir, Andrew J"]
[Black "Rowson, Jonathan"]
[Result "0-1"]
[WhiteElo "2303"]
[BlackElo "2547"]
[PlyCount "74"]
[EventDate "2004.01.27"]
[EventType "swiss"]
[EventRounds "10"]
[EventCountry "GGB"]
[SourceTitle "BritBase"]
[Source "www.saund.co.uk"]
[SourceDate "2018.02.10"]
[SourceVersion "1"]
[SourceVersionDate "2018.02.10"]
[SourceQuality "1"]

1. d4 Nf6 2. c4 e6 3. Nc3 Bb4 4. e3 c5 5. Nge2 cxd4 6. exd4 O-O 7. a3 Be7 8. d5
exd5 9. cxd5 Bc5 10. b4 Bd6 11. g3 Re8 12. Bg2 a5 13. bxa5 Be5 14. O-O d6 15.
Rb1 Qxa5 16. Bd2 Qd8 17. Re1 Rxa3 18. Nb5 Ra8 19. f4 Qb6+ 20. Kf1 Ng4 21. Nbd4
Bxd4 22. Nxd4 Nxh2+ 23. Kg1 Qxd4+ 24. Kxh2 Rf8 25. Rb4 Qf6 26. Qc2 Nd7 27. Be4
h5 28. Bf3 Nc5 29. Bc3 Bf5 30. Qd2 Ra2 31. Rb2 Rxb2 32. Bxb2 Qg6 33. Ba3 Nd3
34. Re7 Ra8 35. Bb2 Ra2 36. Rxb7 Qf6 37. Rb8+ Kh7 0-1

[Event "Gibtelecom Masters 2nd"]
[Site "Gibraltar"]
[Date "2004.01.29"]
[Round "3.16"]
[White "Swathi, Ghate"]
[Black "Beshukov, Sergei"]
[Result "1-0"]
[WhiteElo "2297"]
[BlackElo "2499"]
[PlyCount "135"]
[EventDate "2004.01.27"]
[EventType "swiss"]
[EventRounds "10"]
[EventCountry "GGB"]
[SourceTitle "BritBase"]
[Source "www.saund.co.uk"]
[SourceDate "2018.02.10"]
[SourceVersion "1"]
[SourceVersionDate "2018.02.10"]
[SourceQuality "1"]

1. e4 c5 2. Nf3 Nc6 3. d4 cxd4 4. Nxd4 Nf6 5. Nc3 e5 6. Ndb5 d6 7. Bg5 a6 8.
Na3 b5 9. Bxf6 gxf6 10. Nd5 Bg7 11. Bd3 Ne7 12. Nxe7 Qxe7 13. c4 f5 14. O-O O-O
15. Qf3 bxc4 16. Nxc4 d5 17. exd5 e4 18. Qe3 Bb7 19. d6 Qf6 20. Bc2 f4 21. Qh3
Rac8 22. b3 Rc5 23. Rad1 Qg6 24. d7 Rh5 25. d8=Q Rxh3 26. Qd7 Rc3 27. Rd6 Bc8
28. Qc6 Qh5 29. Qxe4 f3 30. Re1 Kh8 31. Bd1 Rg8 32. Rd5 f5 33. Bxf3 Qg5 34. Nd6
Qg6 35. Qe2 Rc7 36. Ne8 Ra7 37. Rd6 Qg5 38. Qe3 Qxe3 39. Rxe3 Bf8 40. Rd8 f4
41. Re1 Bb4 42. Red1 Bf5 43. Nf6 Rxd8 44. Rxd8+ Kg7 45. Nh5+ Kf7 46. Nxf4 Rc7
47. g4 Bb1 48. Nd5 Rc1+ 49. Kg2 Be1 50. Rd7+ Kf8 51. Ne3 Bxa2 52. Rd1 Rxd1 53.
Bxd1 Ke7 54. Bc2 Kd6 55. Kf1 Bc3 56. f4 Kc5 57. Ke2 Ba1 58. Kd3 a5 59. Bd1 Bh8
60. h4 Kb4 61. h5 Bxb3 62. Bxb3 Kxb3 63. h6 Bf6 64. g5 Be7 65. Nf5 Bd8 66. Nd4+
Kb2 67. Nc6 Bc7 68. g6 1-0

[Event "Gibtelecom Masters 2nd"]
[Site "Gibraltar"]
[Date "2004.01.29"]
[Round "3.17"]
[White "Upton, Timothy"]
[Black "Wells, Peter K"]
[Result "0-1"]
[WhiteElo "2285"]
[BlackElo "2493"]
[PlyCount "70"]
[EventDate "2004.01.27"]
[EventType "swiss"]
[EventRounds "10"]
[EventCountry "GGB"]
[SourceTitle "BritBase"]
[Source "www.saund.co.uk"]
[SourceDate "2018.02.10"]
[SourceVersion "1"]
[SourceVersionDate "2018.02.10"]
[SourceQuality "1"]

1. e4 c5 2. Nf3 Nc6 3. d4 cxd4 4. Nxd4 Nf6 5. Nc3 d6 6. Be2 g6 7. O-O Bg7 8.
Nb3 O-O 9. Bg5 a6 10. a4 Be6 11. Kh1 Rc8 12. f4 Na5 13. Nxa5 Qxa5 14. Bf3 Qb4
15. Rb1 b5 16. axb5 axb5 17. Re1 Rfe8 18. Qe2 Nd7 19. Nd5 Bxd5 20. exd5 e5 21.
c3 Qb3 22. Qd2 h6 23. Bh4 f5 24. Bd1 Qa2 25. Be2 exf4 26. Bxb5 Rxe1+ 27. Qxe1
Ne5 28. c4 Kh7 29. Be7 Nd3 30. Qf1 Nf2+ 31. Qxf2 Qxb1+ 32. Qg1 Qxb2 33. Bc6 Qe5
34. Bh4 Rb8 35. h3 g5 0-1

[Event "Gibtelecom Masters 2nd"]
[Site "Gibraltar"]
[Date "2004.01.29"]
[Round "3.18"]
[White "Harstad, Christian"]
[Black "Cramling, Pia"]
[Result "0-1"]
[WhiteElo "2113"]
[BlackElo "2488"]
[PlyCount "72"]
[EventDate "2004.01.27"]
[EventType "swiss"]
[EventRounds "10"]
[EventCountry "GGB"]
[SourceTitle "BritBase"]
[Source "www.saund.co.uk"]
[SourceDate "2018.02.10"]
[SourceVersion "1"]
[SourceVersionDate "2018.02.10"]
[SourceQuality "1"]

1. d4 d5 2. c4 c6 3. Nf3 Nf6 4. Nc3 dxc4 5. a4 Bf5 6. Ne5 Na6 7. f3 Nd7 8. e4
Nxe5 9. dxe5 Be6 10. f4 g6 11. Be3 Qa5 12. Be2 Rd8 13. Qb1 Nc5 14. f5 Nd3+ 15.
Bxd3 Rxd3 16. O-O gxf5 17. exf5 Qxe5 18. fxe6 Qxe3+ 19. Kh1 Qxe6 20. Qc2 Bg7
21. Rae1 Qg6 22. Qf2 Rd7 23. Qxa7 O-O 24. Qc5 Rd2 25. Ne2 Qd6 26. Qxc4 Rxb2 27.
Ng3 e6 28. Rb1 Qd5 29. Qe4 Qxe4 30. Nxe4 Rd8 31. Rxb2 Bxb2 32. Rb1 Rd4 33. Kg1
Ba3 34. Nf6+ Kg7 35. Ne8+ Kf8 36. Nf6 Bc5 0-1

[Event "Gibtelecom Masters 2nd"]
[Site "Gibraltar"]
[Date "2004.01.29"]
[Round "3.19"]
[White "Pogorelov, Ruslan"]
[Black "Roberts, Paul"]
[Result "1-0"]
[WhiteElo "2451"]
[BlackElo "2242"]
[PlyCount "64"]
[EventDate "2004.01.27"]
[EventType "swiss"]
[EventRounds "10"]
[EventCountry "GGB"]
[SourceTitle "BritBase"]
[Source "www.saund.co.uk"]
[SourceDate "2018.02.10"]
[SourceVersion "1"]
[SourceVersionDate "2018.02.10"]
[SourceQuality "1"]

1. Nf3 Nc6 2. d4 d5 3. c4 Bg4 4. cxd5 Bxf3 5. gxf3 Qxd5 6. e3 e5 7. Nc3 Bb4 8.
Bd2 Bxc3 9. bxc3 exd4 10. cxd4 Nf6 11. Be2 O-O 12. Qb3 Qd6 13. Rc1 Rab8 14. O-O
Rfe8 15. Bc4 Nd8 16. Qb4 Qd7 17. Qa5 b5 18. Bd3 Rb6 19. Qxa7 Nd5 20. Kg2 Ree6
21. Rh1 Ra6 22. Qc5 Rec6 23. Bxb5 Rg6+ 24. Kf1 Qh3+ 25. Ke2 Rad6 26. Bc4 Ne6
27. Qa3 Ndf4+ 28. exf4 Nxd4+ 29. Kd1 Rd8 30. Be3 Rb6 31. Bxd4 Rxd4+ 32. Ke1 Qh4
1-0

[Event "Gibtelecom Masters 2nd"]
[Site "Gibraltar"]
[Date "2004.01.29"]
[Round "3.21"]
[White "Hagesaether, Arne"]
[Black "Bakre, Tejas"]
[Result "0-1"]
[WhiteElo "2058"]
[BlackElo "2446"]
[PlyCount "96"]
[EventDate "2004.01.27"]
[EventType "swiss"]
[EventRounds "10"]
[EventCountry "GGB"]
[SourceTitle "BritBase"]
[Source "www.saund.co.uk"]
[SourceDate "2018.02.10"]
[SourceVersion "1"]
[SourceVersionDate "2018.02.10"]
[SourceQuality "1"]

1. e4 c5 2. Nc3 Nc6 3. g3 g6 4. Bg2 Bg7 5. d3 d6 6. Be3 e5 7. Qd2 Nge7 8. Nge2
Nd4 9. O-O O-O 10. f4 Be6 11. Nc1 Qd7 12. Rf2 Rad8 13. Nd1 b6 14. fxe5 dxe5 15.
Bh6 c4 16. Bxg7 Kxg7 17. Ne3 cxd3 18. c3 Ndc6 19. Bf1 f5 20. Qxd3 fxe4 21. Qxd7
Rxd7 22. Re2 Na5 23. Bg2 Nf5 24. Nb3 Bxb3 25. axb3 Nxb3 26. Rae1 Nxe3 27. Rxe3
Nd2 28. Bxe4 Nxe4 29. Rxe4 Rd2 30. R1e2 Rxe2 31. Rxe2 Kf6 32. Kf2 Ke6+ 33. Ke3
Rf1 34. Ke4 a5 35. Kd3 b5 36. b3 Ra1 37. c4 b4 38. Rb2 Kd6 39. Ke2 a4 40. bxa4
Kc5 41. Kf3 Rxa4 42. Rc2 Ra3+ 43. Ke4 b3 44. Rf2 Kxc4 45. Rf7 b2 46. Rb7 Rb3
47. Rc7+ Kb4 48. Rb7+ Kc3 0-1

[Event "Gibtelecom Masters 2nd"]
[Site "Gibraltar"]
[Date "2004.01.29"]
[Round "3.22"]
[White "Rios Gonzalez, Jose Antonio"]
[Black "Vijayalakshmi, Subbaraman"]
[Result "0-1"]
[WhiteElo "1883"]
[BlackElo "2444"]
[PlyCount "80"]
[EventDate "2004.01.27"]
[EventType "swiss"]
[EventRounds "10"]
[EventCountry "GGB"]
[SourceTitle "BritBase"]
[Source "www.saund.co.uk"]
[SourceDate "2018.02.10"]
[SourceVersion "1"]
[SourceVersionDate "2018.02.10"]
[SourceQuality "1"]

1. e4 e5 2. Nf3 Nc6 3. Bb5 a6 4. Ba4 Nf6 5. O-O Be7 6. Re1 b5 7. Bb3 d6 8. c3
O-O 9. h3 Nb8 10. d4 Nbd7 11. Nbd2 Bb7 12. Bc2 c5 13. d5 g6 14. Nf1 Nh5 15. Ne3
Ndf6 16. Kh2 Kh8 17. g3 Ng8 18. Ng1 Bc8 19. g4 Ng7 20. Rf1 Bg5 21. Ng2 Bxc1 22.
Rxc1 f5 23. f3 Ra7 24. Qe2 Raf7 25. Ne3 Qg5 26. Rce1 Nh6 27. Qg2 Bd7 28. b4
cxb4 29. cxb4 Ng8 30. Kh1 Qh4 31. Qf2 Qh6 32. Qg2 Qg5 33. gxf5 Qxg2+ 34. Kxg2
gxf5 35. Ne2 Ne7 36. Bd3 Ng6 37. Kh2 Nh4 38. Ng1 Nh5 39. Bb1 f4 40. Nd1 Rg7 0-1

[Event "Gibtelecom Masters 2nd"]
[Site "Gibraltar"]
[Date "2004.01.29"]
[Round "3.23"]
[White "Eliassen, Erik"]
[Black "Tissir, Mohamed"]
[Result "0-1"]
[WhiteElo "1956"]
[BlackElo "2436"]
[PlyCount "106"]
[EventDate "2004.01.27"]
[EventType "swiss"]
[EventRounds "10"]
[EventCountry "GGB"]
[SourceTitle "BritBase"]
[Source "www.saund.co.uk"]
[SourceDate "2018.02.10"]
[SourceVersion "1"]
[SourceVersionDate "2018.02.10"]
[SourceQuality "1"]

1. e4 c5 2. Nf3 e6 3. d4 cxd4 4. Nxd4 a6 5. Nc3 Qc7 6. a3 Nf6 7. Bg5 b5 8. Bd3
Bb7 9. Qe2 Bc5 10. Nb3 Bf8 11. O-O h6 12. Bh4 d6 13. Bg3 Nbd7 14. Rfe1 g5 15.
e5 dxe5 16. Bxe5 Nxe5 17. Qxe5 Qxe5 18. Rxe5 Bd6 19. Ree1 g4 20. Ne4 Be7 21.
Na5 Bxe4 22. Bxe4 Nxe4 23. Rxe4 Rc8 24. c3 Rg8 25. Rd1 Rc7 26. Nb3 Rg5 27. g3
h5 28. Kg2 Rf5 29. Rd3 Rc4 30. Nd2 Rcc5 31. Nf1 Rcd5 32. Red4 Rxd4 33. Rxd4 Bc5
34. Rd2 Ke7 35. Re2 Rd5 36. Nd2 f5 37. h3 Rd3 38. hxg4 hxg4 39. Nb3 Bb6 40. Rd2
Rf3 41. Nd4 Bxd4 42. Rxd4 e5 43. Rd2 e4 44. Kf1 Ke6 45. Rd8 e3 46. Re8+ Kd5 47.
Rxe3 Rxe3 48. fxe3 Kc4 49. Ke2 Kb3 50. Kd3 Kxb2 51. c4 bxc4+ 52. Kxc4 Kxa3 53.
Kc3 a5 0-1

[Event "Gibtelecom Masters 2nd"]
[Site "Gibraltar"]
[Date "2004.01.29"]
[Round "3.24"]
[White "Contin, Daniel"]
[Black "Fossum, Oystein Boyum"]
[Result "1-0"]
[WhiteElo "2394"]
[BlackElo "2126"]
[PlyCount "105"]
[EventDate "2004.01.27"]
[EventType "swiss"]
[EventRounds "10"]
[EventCountry "GGB"]
[SourceTitle "BritBase"]
[Source "www.saund.co.uk"]
[SourceDate "2018.02.10"]
[SourceVersion "1"]
[SourceVersionDate "2018.02.10"]
[SourceQuality "1"]

1. Nf3 c5 2. c4 g6 3. e3 Bg7 4. d4 Nf6 5. Nc3 O-O 6. dxc5 Qa5 7. Bd2 Qxc5 8.
Rc1 d6 9. b4 Qc7 10. Be2 Nc6 11. Qb3 Bf5 12. Nd5 Qd7 13. b5 Nd8 14. Bc3 Ne4 15.
Bxg7 Kxg7 16. Nd4 f6 17. Qa3 Nf7 18. g4 e5 19. f3 exd4 20. gxf5 Nc3 21. Nxc3
dxc3 22. fxg6 hxg6 23. Qxc3 Rh8 24. Kd2 Rh4 25. f4 a6 26. bxa6 Rxa6 27. Rc2 Qc6
28. Rg1 Rxh2 29. Kc1 Rh1 30. Rxh1 Qxh1+ 31. Kd2 Qg2 32. Qd4 g5 33. Kc1 Qg1+ 34.
Kb2 gxf4 35. c5 dxc5 36. Qxf4 Rb6+ 37. Kc3 Qe1+ 38. Kd3 Rb4 39. Qc7 Kg6 40.
Bh5+ Kh6 41. Qxf7 Qf1+ 42. Be2 Qf5+ 43. Kd2 b6 44. Qf8+ Kg5 45. Qg7+ Kh4 46. a3
Ra4 47. Rc1 Qd5+ 48. Bd3 Qa2+ 49. Rc2 Qa1 50. Rc1 Qa2+ 51. Bc2 Qd5+ 52. Ke2
Qc4+ 53. Kf2 1-0

[Event "Gibtelecom Masters 2nd"]
[Site "Gibraltar"]
[Date "2004.01.29"]
[Round "3.26"]
[White "McNab, Colin"]
[Black "Bolt, Graham"]
[Result "1-0"]
[WhiteElo "2388"]
[BlackElo "2095"]
[PlyCount "75"]
[EventDate "2004.01.27"]
[EventType "swiss"]
[EventRounds "10"]
[EventCountry "GGB"]
[SourceTitle "BritBase"]
[Source "www.saund.co.uk"]
[SourceDate "2018.02.10"]
[SourceVersion "1"]
[SourceVersionDate "2018.02.10"]
[SourceQuality "1"]

1. c4 Nf6 2. Nf3 e6 3. g3 d5 4. b3 c6 5. Bg2 Be7 6. O-O O-O 7. Bb2 Nbd7 8. d3
b5 9. Nbd2 Bb7 10. Qc2 a5 11. a3 Qb6 12. Rab1 Rac8 13. e4 Qc7 14. Rfe1 dxe4 15.
dxe4 Rfd8 16. e5 Ng4 17. h3 Nh6 18. Ne4 Nc5 19. Nxc5 Bxc5 20. Ng5 g6 21. Ne4
Qe7 22. Qc1 Kg7 23. Nd6 Ba6 24. Nxc8 Rxc8 25. Rd1 Nf5 26. g4 Nh4 27. Be4 h5 28.
Qf4 bxc4 29. bxc4 Bxc4 30. Rbc1 Bb3 31. Rd3 Ba4 32. Qf6+ Kg8 33. gxh5 Qxf6 34.
exf6 Bf8 35. hxg6 Nxg6 36. Rg3 Kh7 37. Rc4 Bb3 38. Rxb3 1-0